Principles of teaching. (Record no. 2069)

MARC details
000 -LEADER
fixed length control field 00499cam a2200205ua 4500
001 - CONTROL NUMBER
control field 2203
005 - DATE AND TIME OF LATEST TRANSACTION
control field 20260515113447.0
008 - FIXED-LENGTH DATA ELEMENTS--GENERAL INFORMATION
fixed length control field 110805n ii |||gr||||Z||||||eng
020 ## - INTERNATIONAL STANDARD BOOK NUMBER
International Standard Book Number 81-7041-395-8
040 ## - CATALOGING SOURCE
Transcribing agency MAIN
082 ## - DEWEY DECIMAL CLASSIFICATION NUMBER
Classification number 371.3
100 ## - MAIN ENTRY--PERSONAL NAME
Personal name Chand, Tara.,
245 ## - TITLE STATEMENT
Title Principles of teaching.
Statement of responsibility, etc. By Tara Chand
250 ## - EDITION STATEMENT
Edition statement 1st.
260 ## - PUBLICATION, DISTRIBUTION, ETC.
Place of publication, distribution, etc. New Delhi:
Name of publisher, distributor, etc. Anmol publications.,990.
300 ## - PHYSICAL DESCRIPTION
Extent 266 p.:
Dimensions 23 cm.
653 ## - INDEX TERM--UNCONTROLLED
Uncontrolled term Education
653 ## - INDEX TERM--UNCONTROLLED
Uncontrolled term Principles of teaching.
942 ## - ADDED ENTRY ELEMENTS (KOHA)
Koha item type Books
Holdings
Withdrawn status Lost status Damaged status Not for loan Home library Current library Shelving location Date acquired Total checkouts Full call number Barcode Date last seen Copy number Price effective from Koha item type
        Naharkatiya College Library Naharkatiya College Library General stacks 09/19/2020   371.3 | CHA 11222 09/19/2020 1 09/19/2020 Books